|
|
|
|
| LEADER |
00862cam a2200241 7i4500 |
| 001 |
0000028221 |
| 005 |
20121228090000.0 |
| 020 |
0 |
0 |
|a 9789678918244
|
| 090 |
0 |
0 |
|a M 352.63
|b PER
|
| 245 |
0 |
0 |
|a Perintah-perintah am & arahan pentadbiran :
|b (Hingga 15hb Ogos 2007).
|
| 260 |
0 |
0 |
|a Petaling Jaya:
|b International Law Book Service,
|c 2007.
|
| 300 |
# |
# |
|a 897 p.
|
| 500 |
0 |
0 |
|a Perintah-perintah Am
|
| 500 |
0 |
0 |
|a Peraturan-peraturan Lembaga Tatatertib Perkhidmatan Awam 1993
|
| 500 |
0 |
0 |
|a Tatacara Pengurusan Stor
|
| 500 |
0 |
0 |
|a Arahan Perbendaharaan
|
| 500 |
0 |
0 |
|a Akta Prosedur Kewangan 1957
|
| 500 |
0 |
0 |
|a Panduan Pengurusan Pejabat
|
| 500 |
0 |
0 |
|a Sukatan Peperiksaan Undang - undang Kerajaan
|
| 650 |
0 |
0 |
|a Civil service --
|z Malaysia
|
| 650 |
0 |
0 |
|a Official and employees --
|z Malaysia
|
| 651 |
0 |
0 |
|a Malaysia
|
| 999 |
|
|
|a 0000030831
|b Book
|c Malaysia
|e Business Information Centre
|